The Ultimate Fortnite Weapon Quiz - Statistics

General Stats
  • This quiz has been taken 309 times
  • The average score is 28 of 94
Answer Stats
Weapon Type Weapon % Correct
Assault Rifle Assault Rifle
96%
Throwable Grenades
68%
Shotgun Pump Shotgun
68%
Festive Explosive Weapon Pumpkin Launcher
66%
SMG Submachine Gun
66%
SMG Submachine Gun (Old)
66%
Explosive Weapon Rocket Launcher
65%
Shotgun Tactical Shotgun
65%
Pistol Pistol
63%
Assault Rifle Burst Assault Rifle
60%
Sniper Bolt-Action Sniper Rifle
59%
Festive Explosive Weapon Snowball Launcher
59%
Sniper Heavy Sniper Rifle
57%
Festive Explosive Weapon Egg Launcher
55%
Festive Explosive Weapon Firework Launcher
55%
Explosive Weapon Grenade Launcher
55%
Explosive Weapon Proximity Grenade Launcher
55%
Assault Rifle Scoped Assault Rifle
54%
Shotgun Heavy Shotgun
50%
Assault Rifle Heavy Assault Rifle
48%
Pistol Hand Cannon
47%
Assault Rifle Suppressed Assault Rifle
45%
Sniper Hunting Rifle
44%
Sniper Semi-Auto Sniper Rifle
44%
Pistol Revolver
43%
SMG Drumgun
41%
Shotgun Combat Shotgun
40%
Trap Slot Item Damage Trap
40%
SMG Suppressed SMG
40%
Assault Rifle Thermal Scoped Assault Rifle
39%
Shotgun Double Barrel Shotgun
37%
Vehicle Pirate Cannon
36%
Sniper Silenced Sniper Rifle
36%
Melee Weapon Infinity Blade
35%
SMG Tactical SMG
35%
Shotgun Drum Shotgun
34%
Assault Rifle Minigun
34%
Assault Rifle LMG
32%
Explosive Weapon Boom Bow
31%
Shotgun Charge Shotgun
31%
Sniper Crossbow
31%
Sniper Cupid's Crossbow
31%
Sniper Fiend Hunter Crossbow
31%
LTM Weapon Hawkeye's Bow
31%
Melee Weapon Pickaxe
30%
Assault Rifle Tactical Assault Rifle
30%
Pistol Dual Pistols
29%
Assault Rifle Infantry Rifle
29%
Pistol Scoped Revolver
29%
SMG Burst SMG
27%
Throwable Stink Bomb
26%
LTM Weapon Captain America's Shield
24%
Pistol Flint-Knock Pistol
24%
Explosive Weapon Quad Launcher
24%
Pistol Six Shooter
24%
LTM Weapon Infinity Gauntlet
23%
Throwable Remote Explosives
23%
Pistol Silenced Pistol
23%
Sniper Strom Scout Sniper Rifle
23%
SMG Rapid Fire SMG
21%
Sniper Automatic Sniper Rifle
20%
SMG Compact SMG
20%
Throwable Dynamite
17%
Trap Slot Item Poison Dart Trap
16%
Throwable Clingers
15%
Vehicle B.R.U.T.E.
13%
Melee Weapon Lightsaber
13%
Throwable Air Strike
12%
Explosive Weapon Guided Missile Launcher
12%
Vehicle Motorboat
12%
Throwable Storm Flip
10%
Vehicle X-4 Stormwing
10%
Throwable Bottle Rockets
9%
Trap Slot Item Ceiling Zapper
9%
LTM Weapon Iron Man's Repulsors
9%
Throwable Junk Rift
9%
Trap Slot Item Mounted Turret
9%
LTM Weapon Thor's Stormbreaker
9%
Throwable Mythic Goldfish
8%
Pistol Harpoon Gun
6%
Melee Weapon Kingsman
6%
Throwable Zappers
6%
Throwable Firefly Jar
5%
Explosive Weapon Flare Gun
5%
Trap Slot Item Wall Dynamo
5%
Sniper Zapotron
5%
Throwable Explosive Batarang
4%
Assault Rifle First Order Blaster Rifle
4%
Throwable Proximity Mines
4%
Throwable Lump Of Coal
3%
LTM Weapon Chitauri Laser Rifle
2%
Throwable Tin Can
2%
LTM Weapon Water Balloon
2%
LTM Weapon Chitauri Energy Launcher
1%
No matching quizzes found
Score Distribution
Percent of People with Each Score
Percentile by Number Answered
Your Score History
You have not taken this quiz